000 00445nam a2200205Ia 4500
008 210210b xxu||||| |||| 00| 0 eng d
041 _aeng
082 _a520/97
100 _aKAR (J M)
245 _aAstronomy: the solar system Part I Ed 3
260 _aCalcutta
_b-
_c
300 _aviii,498
650 _asystem
650 _asolar
650 _aPart
650 _aI
650 _aAstronomy:
690 _aAstronomy
906 _a008082
999 _c125902
_d125902